Vainqueurs de la CAN - Football - Statistiques

Statistiques générales
  • Ce quiz a été pris 2 377 fois
    160 depuis la dernière actualisation
  • Le résultat moyen est 30 sur 35
Statistiques - réponses
Édition Vainqueur % Correct
2025 Sénégal
99%
2021 Sénégal
99%
2019 Algérie
98%
1990 Algérie
98%
2010 Égypte
96%
2008 Égypte
96%
2006 Égypte
96%
1998 Égypte
96%
1986 Égypte
96%
1959 Égypte
96%
1957 Égypte
96%
2023 Côte d'Ivoire
95%
2015 Côte d'Ivoire
95%
1992 Côte d'Ivoire
95%
2017 Cameroun
91%
2002 Cameroun
91%
2000 Cameroun
91%
1988 Cameroun
91%
1984 Cameroun
91%
1976 Maroc
91%
2004 Tunisie
91%
1968 République démocratique du Congo
87%
1996 Afrique du Sud
84%
1972 Congo
83%
2013 Nigéria
78%
1994 Nigéria
78%
1980 Nigéria
78%
2012 Zambie
74%
1982 Ghana
68%
1978 Ghana
68%
1965 Ghana
68%
1963 Ghana
68%
1970 Soudan
55%
1962 Éthiopie
45%
1974* Zaïre
42%
Aucun quiz correspondant
Distribution des résultats
% des personnes avec chaque résultat
Percentile par nombre de réponses
Votre historique - résultats
Vous n’avez pas pris ce quiz depuis la dernière actualisation